00925nam a2200217 a 450000100100000000500170001000800410002702000150006804000250008310000410010824500770014926001010022630000210032749000370034850000210038550000730040671000610047983000440054095201060058499900170069000003736720200930080324.0120328s1982 sp 000 0 spa d a8400054423 aDO-SdBNPbspacBNPHU1 aLucas de Dios, José María96383010aEstructura de la tragedia de Sófocles /cJosé María Lucas de Dios. aMadrid :bConsejo Superior de Investigación Científicas :bInst. "Antonio de Nebrija,c1982. a425 p. ;c23 cm.1 aManuales y anejos de Emeritav34 aIncluye índice aIncluye referencias bibliográficas y notas al pie de las páginas2 aConsejo Superior de Investigación Científicas963831 0aManuales y anejos de Emeritav34963832 0010507-18MOaGRbGRcOId2012-03-28iLF1l0o p37367-10r2020-06-25w2020-06-25y1ZNo se presta c36857d36857